000 00367nam a2200145 i 4500
001 57102
003 ES-MaACL
005 20230906163520.0
007 t|
008 031015s1960 sp ||||1| spa d
245 0 3 _aLa documentación de comercio exterior.
260 _aMadrid :
_b[s.n.,
_c1960]
300 _a257 p. ;
_c22 cm.
852 _aES-MaACL
_jC-19438
_bR.45713
999 _c57102
_d57102